| 000 | 00769nam a2200253 i 4500 | ||
|---|---|---|---|
| 001 | 176380 | ||
| 003 | ES-MaACL | ||
| 005 | 20230906220049.0 | ||
| 008 | 110112s2010 sp | |||||||| | spa d | ||
| 020 | _a978-84-220-1441-6 | ||
| 080 | _a231.74 | ||
| 080 | _a234.2 | ||
| 100 | 0 |
_aGonzález Montes, Adolfo. _958820 |
|
| 245 | 1 | 0 |
_aTeología fundamental _b: de la Revelación y de la Fe / _cAdolfo González Montes. |
| 260 |
_aMadrid : _bBiblioteca de Autores Cristianos, _c2010. |
||
| 300 |
_aXLIV, 1079 p. ; _c20 cm. |
||
| 490 | 1 |
_aBAC ; _v690 |
|
| 504 | _aIncluye referencias bibliográficas e índice. | ||
| 650 | 7 |
_aRevelación. _916895 |
|
| 650 | 7 |
_aFe. _912734 |
|
| 830 | 0 |
_aBAC ; _v690 _9191410 |
|
| 852 |
_aES-MaACL _jJ-678 |
||
| 999 |
_c176380 _d176380 |
||